Responses for Show #2462 - Tuesday, April 25, 1995

Contestants

[<< previous game]

Darlis Wood, a librarian from Berkeley, California

David Fialkoff, an editor from Rockville, Maryland

John Classen, an antique car race director from Dallas, Texas (whose 1-day cash winnings total $7,324)

[next game >>]

Jeopardy! Round responses

ANATOMY
KEN-FOLK
TREES
GEOGRAPHY
GUINNESS RECORDS
POTPOURRI
    $100 26
(David: What is hair?)

your teeth

David
Triple Stumper
    $100 2
Jacqueline Kennedy

Darlis
    $100 24
birch

John
    $100 7
Elba

David
    $100 1
Elizabeth Taylor

David
    $100 4
fat

Darlis
    $200 27
the jugular veins

Triple Stumper
    $200 3
the Royal Ballet

Triple Stumper
    $200 25
(John: What are [*] palms?)

date

John
    $200 10
Greenland

David
    $200 6
Charles Schulz

John
    $200 5
George Washington

John
    $300 16
cartilage

David
    $300 8
(Ken) Osmond

David
    $300 28
the aspen

John
    $300 13
Tasmania

John
    $300 19
(John: What is the Challenger?)

Apollo 13

John
Triple Stumper
    $300 12
Martin Luther King

John
    $400 17
ova (eggs)

David
    $400 9
Kenneth Clark

John
    $400 29
balsa

David
    $400 14
Prince Edward Island

John
    $400 20
(John: What is Commonwealth Edison?)

Con Edison (Con Consolidated Edison)

JohnDavid
    $400 22
rugby

John
    $400 18
(David: What is the heart?)
...
(Alex: The stapes is one of the small bones.)

the ear

David
    $500 11
(David: Who is King?)

Ken Kesey

David
Triple Stumper
    $500 30
the banyan tree

Triple Stumper
    $500 15
Macao

David
    $500 21
the United States

John
    $500 23
(Darlis: What is Farsi?)
(David: What is Sunni?)
...
(Alex: Farsi is the language spoken in Iran currently.)

Parsi

DavidDarlis
Triple Stumper

Scores at the first commercial break (after clue 15):

John David Darlis
$1,800 $700 $200

Scores at the end of the Jeopardy! Round:

John David Darlis
$2,600 $1,200 -$300

Double Jeopardy! Round responses

HISTORIC NAMES
CLASSICAL MUSIC
ROYALTY
OLD TESTAMENT
WORLD TOWNS
CHILDREN'S LITERATURE
    $200 20
Samuel Morse

Darlis
    $200 6
Poe

David
    $200 9
Bonnie Prince Charlie

Darlis
    $200 7
the Ark

John
    $200 8
silver

Darlis
    $200 1
Rikki-Tikki-Tavi

David
    $400 22
Robert Kennedy

John
    $400 16
Rimsky-Korsakov

David
    $400 10
Spain

John
    $400 12
the serpent

David
    $400 11
Dover

David
    $400 2
The Yearling

Darlis
    $600 28
[The end-of-round signal sounds.]

Samuel Adams

David
    $600 17
Puccini

David
    $600 21
Poland

David
    $600 13
a temple

David
    $600 23
the Mekong

John
    $600 3
(Darlis: [*]. Don't know how to pronounce it--S-P-Y-R-I.)
[David only said the last name.]

Johanna Spyri

DavidDarlis
    $800 18
Offenbach

David
    $1,000 26
Alexandra

Darlis
    $800 14
(David: Who is Isaac?)

Abraham

David
Triple Stumper
    $800 24
Martinique

Triple Stumper
    $800 4
H. Rider Haggard

Darlis
    $400 19
[Applause for solving the Daily Double but no acknowledgement of David's run of the category]

(Jean) Sibelius

David
    $1000 27
Beatrix

David
    $1000 15
Ruth

Darlis
    $1000 25
(Alex: We have less than a minute to go in this round.)

Castel Gandolfo

Darlis
    $1000 5
Frances Hodgson Burnett

Triple Stumper

Scores at the end of the Double Jeopardy! Round:

John David Darlis
$4,200 $7,200 $3,900

[wagering suggestions for these scores]

Final Jeopardy! Round responses

PRESIDENTS
DarlisWho was Andrew Jackson
$3,800
JohnWho was Jackson?
$3,003
DavidWho was Tyler?
$1,201
Andrew Jackson

Final scores:

John David Darlis
$7,203 $5,999 $7,700
2nd place: Broyhill bedroom set + Afternoon Tea serigraph by Laurie Zeszut from Martin Lawrence Galleries + Jeopardy! home game 3rd place: NordicTrack Pro + Jeopardy! home game New champion: $7,700

Game dynamics:

Coryat scores:

John David Darlis
$4,200 $8,200 $3,700
15 R,
2 W
22 R
(including 1 DD),
5 W
(including 1 DD)
10 R
(including 1 DD),
2 W

Combined Coryat: $16,100

[game clues] [game scores] [suggest correction]

Game tape date: 1995-01-11
The J! Archive is created by fans, for fans. Scraping, republication, monetization, and malicious use prohibited; this site may use cookies and collect identifying information. See terms. The Jeopardy! game show and all elements thereof, including but not limited to copyright and trademark thereto, are the property of Jeopardy Productions, Inc. and are protected under law. This website is not affiliated with, sponsored by, or operated by Jeopardy Productions, Inc. Join the discussion at JBoard.tv.